| 000 | 02373nam a22003617a 4500 | ||
|---|---|---|---|
| 001 | 102835 | ||
| 003 | KnowledgeUnlatched | ||
| 005 | 20210303105032.0 | ||
| 006 | m o d | ||
| 007 | cr u|||||||||| | ||
| 008 | 210129p20152019inu o u00| u eng d | ||
| 037 | _5BiblioBoard | ||
| 245 | 0 | 0 |
_aTransforming Institutions _bUndergraduate STEM Education for the 21st Century / _cGabriela Weaver, Wilella Burgess. |
| 020 | _a9781557538550 | ||
| 029 | 1 | _ahttps://library.biblioboard.com/ext/api/media/1ddf35d9-c28b-4786-aada-a45fdd1e60f5/assets/thumbnail.jpg | |
| 040 |
_aScCtBLL _cScCtBLL |
||
| 506 | 0 |
_aAccess copy available to the general public. _fUnrestricted _2star |
|
| 700 | 1 |
_aWeaver, Gabriela _eeditor. |
|
| 700 | 1 |
_aBurgess, Wilella _eeditor. |
|
| 264 | 1 | _bPurdue University Press, | |
| 300 | _a1 online resource (1 p.) | ||
| 520 | _a"Higher education is coming under increasing scrutiny, both publically and within academia, with respect to its ability to appropriately prepare students for the careers that will make them competitive in the 21st-century workplace. At the same time, there is a growing awareness that many global issues will require creative and critical thinking deeply rooted in the technical STEM (science, technology, engineering, and mathematics) disciplines. Transforming Institutions brings together chapters from the scholars and leaders who were part of the 2011 and 2014 conferences. It provides an overview of the context and challenges in STEM higher education, contributed chapters describing programs and research in this area, and a reflection and summary of the lessons from the many authors' viewpoints, leading to suggested next steps in the path toward transformation." | ||
| 588 | 0 | _aDescription based on print version record. | |
| 590 | _aKU Select 2018: STEM Backlist Books | ||
| 650 | 7 |
_aEducation / Educational Policy & Reform _2bisacsh |
|
| 650 | 0 | _aEducation | |
| 655 | 0 | _aElectronic books. | |
| 758 |
_iIs found in: _aKnowledge Unlatched _1https://openresearchlibrary.org/module/2774bc74-146a-484f-a7ba-ab1d6a09bbfb |
||
| 856 | 4 | 0 |
_uhttps://openresearchlibrary.org/content/1ddf35d9-c28b-4786-aada-a45fdd1e60f5 _zView this content on Open Research Library. _70 |
| 999 |
_c33346 _d33346 |
||